[Event "Victoria de Giron Cup tt"]
[Site "Matanzas"]
[Date "2018.10.06"]
[Round "9.2"]
[White "Almirall Exposito, Pedro Antonio"]
[Black "Gonzalez Gomez, Ronier"]
[Result "1-0"]
[WhiteElo "2186"]
[BlackElo "2204"]
[PlyCount "39"]
[EventDate "2018.10.02"]
[EventType "team-tourn"]
[EventRounds "9"]
[EventCountry "CUB"]
[SourceTitle "EXT 2021"]
[Source "ChessBase"]
[SourceDate "2020.10.23"]
[SourceVersion "1"]
[SourceVersionDate "2020.10.23"]
[SourceQuality "1"]

1. e4 c6 2. d4 d5 3. e5 Bf5 4. Nf3 e6 5. Be2 Ne7 6. 0-0 c5 7. Be3 cxd4 8. Nxd4 Nbc6 9. Bb5 a6 10. Bxc6+ bxc6 11. c4 Qd7 12. cxd5 cxd5 13. Nc3 Bg6 14. Na4 Nc8 15. Rc1 Be7 16. Rxc8+ Rxc8 17. Nb6 Qb7 18. Qa4+ Kd8 19. Nxc8 Kxc8 20. Rc1+ 1-0

[Event "Victoria de Giron Cup tt"]
[Site "Matanzas"]
[Date "2018.10.03"]
[Round "3.1"]
[White "Gonzalez Gomez, Ronier"]
[Black "Miranda Rodriguez, Tania"]
[Result "0-1"]
[WhiteElo "2204"]
[BlackElo "2152"]
[PlyCount "72"]
[EventDate "2018.10.02"]
[EventType "team-tourn"]
[EventRounds "9"]
[EventCountry "CUB"]
[SourceTitle "EXT 2021"]
[Source "ChessBase"]
[SourceDate "2020.10.23"]
[SourceVersion "1"]
[SourceVersionDate "2020.10.23"]
[SourceQuality "1"]

1. Nf3 Nf6 2. d4 g6 3. e3 Bg7 4. c4 c5 5. Nc3 0-0 6. Be2 b6 7. 0-0 Bb7 8. d5 d6 9. e4 Nbd7 10. h3 Ne8 11. Be3 e5 12. dxe6 fxe6 13. Qc2 Ne5 14. Nxe5 Bxe5 15. Bh6 Ng7 16. f4 Bd4+ 17. Kh2 a6 18. Bg4 Qe7 19. Rad1 Rae8 20. Ne2 e5 21. f5 gxf5 22. exf5 e4 23. Kh1 Qf6 24. Bxg7 Qxg7 25. Nf4 Qf6 26. Qe2 Be5 27. Nh5 Qg5 28. b3 e3 29. f6 Bxf6 30. Rf5 Qh4 31. Rxd6 Be5 32. Rh6 Rxf5 33. Bxf5 Qf2 34. Nf6+ Bxf6 35. Qg4+ Bg7 36. Be6+ Kf8 0-1

[Event "Agosto de Victorias tt"]
[Site "Mayabeque"]
[Date "2018.08.06"]
[Round "6.3"]
[White "Garcia Garcia, Alejandro"]
[Black "Gonzalez Gomez, Ronier"]
[Result "1/2-1/2"]
[WhiteElo "2213"]
[BlackElo "2206"]
[PlyCount "91"]
[EventDate "2018.08.04"]
[EventType "team-tourn"]
[EventRounds "10"]
[EventCountry "CUB"]
[SourceTitle "EXT 2021"]
[Source "ChessBase"]
[SourceDate "2020.10.23"]
[SourceVersion "1"]
[SourceVersionDate "2020.10.23"]
[SourceQuality "1"]
[WhiteTeam "Matanzas"]
[BlackTeam "Las Tunas"]
[WhiteTeamCountry "CUB"]
[BlackTeamCountry "CUB"]

1. d4 d5 2. c4 e6 3. Nf3 Nf6 4. g3 c5 5. cxd5 exd5 6. Bg2 Nc6 7. 0-0 Be7 8. dxc5 Bxc5 9. a3 0-0 10. b4 Bb6 11. Bb2 Re8 12. Nc3 Bf5 13. e3 Qd6 14. Na4 Rad8 15. Nxb6 axb6 16. Qb3 Be4 17. Rfd1 h6 18. Rd2 Qe6 19. Rad1 Rc8 20. Ne1 Ne5 21. Bxe5 Qxe5 22. Rd4 Rc7 23. Qa4 Rec8 24. Nd3 Qf5 25. Qb5 Rc2 26. Nf4 Bxg2 27. Kxg2 g5 28. e4 Nxe4 29. Qxd5 Rxf2+ 30. Kg1 Rxf4 31. Qxf5 Rxf5 32. Rxe4 Rc2 33. Rd6 Kg7 34. Rxb6 Rff2 35. Rxb7 Rg2+ 36. Kf1 Rxh2 37. Kg1 Rhg2+ 38. Kf1 Rxg3 39. a4 Rgg2 40. a5 Rh2 41. Kg1 h5 42. a6 Rhg2+ 43. Kf1 Rh2 44. Kg1 Rhg2+ 45. Kf1 Rh2 46. Kg1 1/2-1/2

[Event "Capablanca Memorial op 52nd"]
[Site "Matanzas"]
[Date "2017.05.27"]
[Round "1"]
[White "Soto, Miguel Angel"]
[Black "Gonzalez Gomez, Ronier"]
[Result "1/2-1/2"]
[WhiteElo "2072"]
[BlackElo "2234"]
[PlyCount "59"]
[EventDate "2017.05.27"]
[EventType "swiss"]
[EventRounds "10"]
[EventCountry "CUB"]
[SourceTitle "EXT 2018"]
[Source "ChessBase"]
[SourceDate "2017.10.13"]
[SourceVersion "1"]
[SourceVersionDate "2017.10.13"]
[SourceQuality "1"]

1. e4 c6 2. d4 d5 3. Nc3 dxe4 4. Nxe4 Nf6 5. Nxf6+ exf6 6. Bf4 Bd6 7. Bxd6 Qxd6 8. Qd2 Be6 9. Nf3 0-0 10. Be2 Nd7 11. h3 Rfe8 12. 0-0 Rad8 13. Rad1 b5 14. a4 a6 15. Rfe1 Rb8 16. axb5 axb5 17. Bf1 Nb6 18. b3 b4 19. g3 Nd5 20. Bg2 Red8 21. Qd3 Nc3 22. Ra1 Bd5 23. Nh4 g6 24. Bxd5 Qxd5 25. Ra6 Re8 26. Re3 Kg7 27. Ng2 Rxe3 28. Qxe3 Qxd4 29. Rxc6 Qd7 30. Qf3 1/2-1/2

[Event "Matanzas Batalla de Ideas-A 4th"]
[Site "Matanzas"]
[Date "2007.07.21"]
[Round "9"]
[White "Acosta Pedroso, Gerardo"]
[Black "Gonzalez Gomez, Ronier"]
[Result "1-0"]
[WhiteElo "2129"]
[BlackElo "2220"]
[PlyCount "77"]
[EventDate "2007.07.15"]
[EventType "tourn"]
[EventRounds "11"]
[EventCountry "CUB"]
[EventCategory "1"]
[SourceTitle "EXT 2019"]
[Source "ChessBase"]
[SourceDate "2018.10.10"]
[SourceVersion "1"]
[SourceVersionDate "2018.10.10"]
[SourceQuality "1"]

1. e4 c6 2. c4 d5 3. cxd5 cxd5 4. exd5 Qxd5 5. Nc3 Qd6 6. d4 Nf6 7. Bc4 e6 8. Nf3 Be7 9. 0-0 0-0 10. Re1 a6 11. a4 Nc6 12. h3 Rd8 13. Be3 Nb4 14. Bg5 Nbd5 15. Nxd5 exd5 16. Bd3 Be6 17. Qb1 g6 18. Qc1 Re8 19. Qd2 Rac8 20. Re2 Nh5 21. Bxe7 Rxe7 22. Re5 f6 23. Rxh5 gxh5 24. Qh6 Rg7 25. Qxh5 Bf7 26. Qf5 Re8 27. Nh4 Bg6 28. Nxg6 hxg6 29. Qf3 Rge7 30. g3 Re1+ 31. Rxe1 Rxe1+ 32. Kg2 f5 33. h4 Re8 34. h5 Rf8 35. hxg6 Kg7 36. Bxf5 Qf6 37. g4 Qxd4 38. Qg3 Rh8 39. g5 1-0

[Event "Matanzas Batalla de Ideas-A 4th"]
[Site "Matanzas"]
[Date "2007.07.21"]
[Round "10"]
[White "Delgado Ramos, Hector"]
[Black "Gonzalez Gomez, Ronier"]
[Result "1/2-1/2"]
[WhiteElo "2332"]
[BlackElo "2220"]
[PlyCount "102"]
[EventDate "2007.07.15"]
[EventType "tourn"]
[EventRounds "11"]
[EventCountry "CUB"]
[EventCategory "1"]
[SourceTitle "EXT 2019"]
[Source "ChessBase"]
[SourceDate "2018.10.10"]
[SourceVersion "1"]
[SourceVersionDate "2018.10.10"]
[SourceQuality "1"]

1. Nf3 d5 2. c4 c6 3. b3 Bf5 4. g3 e6 5. Bg2 Nf6 6. Bb2 Nbd7 7. 0-0 Be7 8. d3 h6 9. Nbd2 0-0 10. a3 a5 11. Qc2 Bh7 12. Bc3 b5 13. cxb5 cxb5 14. b4 axb4 15. axb4 Qc7 16. Qb2 Rfc8 17. Rxa8 Rxa8 18. Nb3 Nb6 19. Be5 Qd8 20. Rc1 Na4 21. Qd4 Rc8 22. Nfd2 Rxc1+ 23. Nxc1 Qf8 24. Na2 Nd7 25. Nb3 Nxe5 26. Qxe5 Qc8 27. Bf3 Bg6 28. Kg2 Kh7 29. h4 Kg8 30. h5 Bh7 31. Qd4 Qc7 32. Qe3 Bg5 33. Qd4 Bf6 34. Qf4 Qxf4 35. gxf4 Nc3 36. Nbc1 Kf8 37. Kf1 g6 38. hxg6 Bxg6 39. Ke1 Ke7 40. Kd2 Nxa2 41. Nxa2 Kd6 42. Nc3 Bxc3+ 43. Kxc3 f6 44. e4 dxe4 45. dxe4 e5 46. f5 Be8 47. Kd3 Ke7 48. Ke3 Kf8 49. Be2 Kg7 50. f4 Bc6 51. Bh5 Bd7 1/2-1/2

[Event "Ajedrez del Mar"]
[Site "Santa Cruz del Norte"]
[Date "2007.06.21"]
[Round "9"]
[White "Alarcon Casellas, Rolando"]
[Black "Gonzalez Gomez, Ronier"]
[Result "1-0"]
[WhiteElo "2308"]
[BlackElo "2220"]
[PlyCount "103"]
[EventDate "2007.06.17"]
[EventType "tourn"]
[EventRounds "14"]
[EventCountry "CUB"]
[SourceTitle "EXT 2019"]
[Source "ChessBase"]
[SourceDate "2018.10.10"]
[SourceVersion "1"]
[SourceVersionDate "2018.10.10"]
[SourceQuality "1"]

1. e4 c6 2. d4 d5 3. Nd2 dxe4 4. Nxe4 Bf5 5. Ng3 Bg6 6. N1e2 Nf6 7. Nf4 e5 8. Nxg6 hxg6 9. dxe5 Qa5+ 10. c3 Qxe5+ 11. Qe2 Qxe2+ 12. Bxe2 Nbd7 13. 0-0 0-0-0 14. Rd1 Bc5 15. Bg5 Rhe8 16. Kf1 Nb6 17. h4 Bd6 18. Bxf6 gxf6 19. Nh1 Rh8 20. g3 f5 21. Kg2 f4 22. Rd4 fxg3 23. fxg3 Nd5 24. Rd3 f5 25. Bf3 Be7 26. Bxd5 Rxd5 27. Rxd5 cxd5 28. Rd1 Rd8 29. Nf2 f4 30. gxf4 Bxh4 31. Nd3 Bf6 32. Nb4 d4 33. c4 Kd7 34. Nd5 Bg7 35. Re1 Kd6 36. Re7 Rd7 37. Rxd7+ Kxd7 38. Kf3 Kd6 39. b3 b5 40. Ke4 bxc4 41. bxc4 Kc5 42. Kd3 Kd6 43. a3 Bh8 44. Nb4 Kc5 45. Na2 Bg7 46. Nc1 Bh6 47. Nb3+ Kd6 48. f5 gxf5 49. Nxd4 Bc1 50. Kc2 Bxa3 51. Nb5+ Kc5 52. Nxa3 1-0

[Event "Ajedrez del Mar"]
[Site "Santa Cruz del Norte"]
[Date "2007.06.21"]
[Round "10"]
[White "Gonzalez Gomez, Ronier"]
[Black "Borges Feria, Yasel"]
[Result "0-1"]
[WhiteElo "2220"]
[BlackElo "2349"]
[PlyCount "80"]
[EventDate "2007.06.17"]
[EventType "tourn"]
[EventRounds "14"]
[EventCountry "CUB"]
[SourceTitle "EXT 2019"]
[Source "ChessBase"]
[SourceDate "2018.10.10"]
[SourceVersion "1"]
[SourceVersionDate "2018.10.10"]
[SourceQuality "1"]

1. d4 Nf6 2. Nf3 e6 3. Bg5 c5 4. e3 Qb6 5. Nbd2 cxd4 6. exd4 Qxb2 7. Bxf6 gxf6 8. Bd3 b6 9. 0-0 Ba6 10. c4 Nc6 11. a3 Bb7 12. Nb3 a5 13. d5 Ne5 14. Nxe5 Qxe5 15. Re1 Qg5 16. Be4 Rb8 17. c5 Bxc5 18. Nxc5 bxc5 19. dxe6 fxe6 20. h4 Qg7 21. Rb1 Bxe4 22. Rxb8+ Ke7 23. Rxe4 Rxb8 24. Rg4 Qf7 25. Qa4 f5 26. Rg3 Qf6 27. Qc2 Qa1+ 28. Kh2 Qe5 29. Kh1 Rb2 30. Qa4 Rb1+ 31. Kh2 Qa1 32. Rd3 Rh1+ 33. Kg3 Qg7+ 34. Kf3 Qg4+ 35. Qxg4 fxg4+ 36. Kxg4 c4 37. Rd4 d5 38. Kg5 Kd6 39. f4 e5 40. fxe5+ Kxe5 0-1

[Event "Matanzas Copa Nacional"]
[Site "Matanzas"]
[Date "1999.??.??"]
[Round "3"]
[White "Gonzalez Gomez, Ronier"]
[Black "Gonzalez Mesa, Daniel"]
[Result "1/2-1/2"]
[WhiteElo "2225"]
[BlackElo "2090"]
[PlyCount "102"]
[EventDate "1999.??.??"]
[EventType "tourn"]
[EventRounds "12"]
[EventCountry "CUB"]
[SourceTitle "EXT 2000"]
[Source "ChessBase"]
[SourceDate "1999.11.16"]
[SourceVersion "1"]
[SourceVersionDate "1999.11.16"]
[SourceQuality "1"]

1. d4 Nf6 2. Nf3 g6 3. Bg5 Bg7 4. Nbd2 0-0 5. c3 d6 6. e4 c5 7. dxc5 dxc5 8. Bc4 Nc6 9. 0-0 Qc7 10. Qe2 Ng4 11. h3 Nge5 12. Nxe5 Nxe5 13. Bb3 b5 14. Bd5 Rb8 15. f4 h6 16. Bh4 Nc6 17. e5 e6 18. Bf3 Ne7 19. Bxe7 Qxe7 20. Ne4 Bb7 21. Nd6 Bxf3 22. Rxf3 Rb6 23. a4 bxa4 24. Rxa4 Rfb8 25. Nc4 R6b7 26. Rd3 g5 27. fxg5 Qxg5 28. Ra1 h5 29. Qe4 Qg6 30. Qxg6 fxg6 31. Ra6 Re7 32. Rdd6 Kf7 33. Kf2 Bh6 34. Rdc6 Bc1 35. Ra1 Rxb2+ 36. Nxb2 Bxb2 37. Ra4 Bxc3 38. Rxc5 Bb2 39. Kf3 Rd7 40. Ke4 g5 41. Rca5 Rd1 42. Rxa7+ Kg6 43. Re7 Re1+ 44. Kf3 Rxe5 45. Re4 Kf6 46. Rxe5 Bxe5 47. Rb7 h4 48. Ke4 Bg3 49. Rb3 Bh2 50. Rf3+ Ke7 51. Ra3 Kf6 1/2-1/2

[Event "Matanzas Copa Nacional"]
[Site "Matanzas"]
[Date "1999.??.??"]
[Round "5"]
[White "Gonzalez Gomez, Ronier"]
[Black "Ortiz, Rafael"]
[Result "1-0"]
[WhiteElo "2225"]
[BlackElo "2031"]
[PlyCount "153"]
[EventDate "1999.??.??"]
[EventType "tourn"]
[EventRounds "12"]
[EventCountry "CUB"]
[SourceTitle "EXT 2000"]
[Source "ChessBase"]
[SourceDate "1999.11.16"]
[SourceVersion "1"]
[SourceVersionDate "1999.11.16"]
[SourceQuality "1"]

1. d4 c5 2. d5 e5 3. e4 d6 4. Nc3 Be7 5. Nf3 Bg4 6. Bb5+ Kf8 7. a4 a6 8. Be2 Bxf3 9. Bxf3 Bg5 10. 0-0 g6 11. Be2 Nd7 12. Kh1 Kg7 13. g3 Bxc1 14. Qxc1 Ne7 15. Bg4 Rf8 16. f4 f5 17. exf5 gxf5 18. Bh3 h6 19. Qd2 Qe8 20. Nd1 Qh5 21. Bg2 Qg6 22. Ne3 Qf6 23. c3 Qg6 24. a5 Rf6 25. Nc4 e4 26. Rg1 Qf7 27. Ne3 h5 28. Bh3 Rh8 29. Rad1 Ng8 30. Qc2 Nh6 31. Rg2 Ng4 32. Bxg4 hxg4 33. Qb3 Rb8 34. Qc4 Qe8 35. b4 Qd8 36. Ra2 Kf7 37. b5 axb5 38. Qxb5 Kg6 39. Rb1 Qc7 40. Qe2 Rf7 41. Ra4 Nf6 42. Qb5 Rh8 43. Ra2 Rfh7 44. Qb6 Qe7 45. Rbb2 Nh5 46. Rg2 Qf6 47. Qb3 Qf7 48. Kg1 Nf6 49. Rgb2 Rc8 50. c4 Rch8 51. Qb6 Ne8 52. Rc2 Qf6 53. Qb2 Qd4 54. Ra3 Nc7 55. Rd2 Qxb2 56. Rxb2 Na6 57. Rb6 Rd8 58. Nc2 Re7 59. Rab3 Rdd7 60. Kf2 Kg7 61. Ke3 Kf8 62. Rb1 Rh7 63. Rh1 Ke8 64. Kf2 Kd8 65. Ne3 Rh5 66. Kg2 Kc7 67. h3 Rdh7 68. h4 Nb4 69. Rb1 Rh8 70. Kf1 Ra8 71. Rb5 Ra7 72. Ke2 Nd3 73. Kd2 Nb4 74. Kc3 Nd3 75. Nc2 Nf2 76. Rf1 Nd3 77. Rd1 1-0